Quizzes
Events
Quiz Creation
Community
Videos
Private Events
Remove Ads
Sign In
Join for FREE
Feedback
Dark Mode
Quiz Categories
Sports
Geography
Music
Movies
Television
Just For Fun
Miscellaneous
History
Literature
Language
Science
Gaming
Entertainment
Religion
Holiday
For Kids
Quiz Lab
Recent
Popular Today
Quiz Kudos Today
Editor Picks
Curator Picks
Quizzes by...
Day
Popularity
Type
Ratings
Length
Year
Community
Subscriptions
Recent Discussions
Orange Saloon
Badges
Playlists
Quests
Create
Leaderboards
Showdown
Live 5
Trivia Bingo
Activity
Puzzle Library
Sporcle Events
Private Events
Virtual Trivia
Globe League
Become a Host
Pub Owners
SporcleCon
Opinionation
Our Games
Videos
Blog
Mobile Apps
Partnerships
Remove Ads and Go Orange
Feedback
Sports
Athletes
MLB
NBA
NHL
NFL
Soccer
Sports Teams
WWE
NCAA
Football
Premier League
Basketball
Baseball
Hockey
Golf
Tennis
Cricket
Rugby
Auto Racing
Olympics
World Cup
Sports
Athletes
MLB
NBA
NHL
NFL
Soccer
Sports Teams
WWE
NCAA
Football
Premier League
Basketball
Baseball
Hockey
Golf
Tennis
Cricket
Rugby
Auto Racing
Olympics
World Cup
Random Quiz
Search Sporcle
×
Quiz Lab
Quiz Lab
Sports
Hat Tricks
Type in answers that appear in a list
Type in answers that appear in a list
Classic
Best Score? Go Orange.
Players who scored a Hat-Trick in 2011-12 PL Season Stats
Can you name the Players who Scored a Hat-Trick in 2011-12 Premier League Season?
By
MynamesSteve
6m
19 Questions
36 Plays
36 Plays
36 Plays
Comments
Comments
Give Quiz Kudos
Give Quiz Kudos
-
- Ratings
hide this ad
Replay
Link that replays current quiz
Next Quiz
Link to next quiz in quiz playlist
You Got
0%
They Got
Avg Score
75%
Avg Friend Score
Upgrade to see
Score Distribution
Jump to the score distribution portion of the page
Score
0/19
Timer
06:00
0
Plays Today
For
Name of Player
% Correct
Manchester United
Wayne Rooney
100%
Manchester United
Wayne Rooney
100%
Newcastle United
Demba Ba
94.4%
Newcastle United
Demba Ba
94.4%
Chelsea
Fernando Torres
94.4%
Manchester City
Carlos Tevez
91.7%
Liverpool
Luis Suarez
88.9%
Manchester City
Sergio Aguero
86.1%
Chelsea
Frank Lampard
86.1%
Liverpool
Steven Gerrard
86.1%
For
Name of Player
% Correct
Manchester United
Dimitar Berbatov
83.3%
Manchester City
Edin Dzeko
80.6%
Fulham
Clint Dempsey
80.6%
Blackburn Rovers
Aiyegbeni Yakubu
69.4%
Arsenal
Robin Van Persie
63.9%
Arsenal
Robin Van Persie
63.9%
Fulham
Andy Johnson
58.3%
West Bromwich Albion
Peter Odemwinge
11.1%
Fulham
Pavel Pobgrebnyak
5.6%
Quiz Playlist
Details
Report
Send in Message
Add To Playlist
Classic:
Type in answers that appear in a list
Last Updated: Feb 16, 2017
Quiz Scoreboard
CHALLENGE
Sign Up to Join the Scoreboard
Show All
Scores
Hide
Comments
May contain spoilers
Recently Published
Popular People in 1961
by mucciniale
History
6m
1-10 Letter E Words III
by El_Dandy
Language
2m
One Thing in Common: World Cities II
by knightlancer
Geography
7m
More to Explore
Quiz From the Vault
Featured Blog Post
Where Did the Easter Bunny Come From?
hide this ad
You Might Also Like...
Tags
Against
Hat Tricks
League
Player
Premier
season
Today's Top Quizzes in Sports
Browse Sports
hide this ad
Today's Top Quizzes in Hat Tricks
Browse Hat Tricks
Top Contributed Quizzes in Sports
1
Les meilleurs buteurs des matchs entre le PSG et l’OM
2
Les entraîneurs de l'OM et du PSG au 21e siècle
3
FIFA Club World Cup Champions
4
2022 World Cup Stars
5
Name the Premier League winners with different clubs
6
La finale Lions - Afrique du Sud 2021
7
Criteria MLB: Left Handed Sluggers
8
Players with Multiple 50 Home Run Seasons
9
MLB Players with Two .350 Batting Average Seasons
10
MLB Hall of Famer by Rings
Explore More
Trending Topics
NBA
Anime
Crossword
Kpop
Disney
Marvel
Harry Potter
Song
Pokémon
Soccer
NFL
The Office
WWE
Country
Puzzle
hide this ad
More By:
MynamesSteve
Quiz
Plays
Rating
Category
Featured
Created
Hat-Tricks scored in 1992-93 PL season
43
Sports
Oct 21, 2012
Players who scored a Hat-Trick in 2011-12 PL Season
36
3.67
Sports
Oct 18, 2012
2000 01 Premier League Captains
29
Sports
Oct 18, 2012
Go to Creator's Profile
Score Distribution
Quiz Creator Spotlight
MynamesSteve
Follow
Send a Message
Quizzes Created
-
Created Quiz Play Count
-
More By This Creator
Popular Quizzes Today
1
Find the US States - No Outlines Minefield
2
Find the Countries of Europe - No Outlines Minefield
3
The Countries of the World
4
Popular People in 1961
5
1-10 Letter E Words III
6
Find the US States
7
US States
8
One Thing in Common: World Cities II
More Sports Quizzes
Olympic Fencing Weapons
Published
Trending Quizzes
Risky Map Clicking: Least Populous States A-Z
1-10 Letter F Words
1-10 Letter G Words
One Thing in Common: United Kingdom
Risky Map Clicking: Next State Alphabetically
Recently Updated
Leaping Animals
pecheneg
Reality TV Shows (A-Z)
bhenderson79
Rickey Henderson's Hall of Fame Teammates
pecheneg
Champions League XIs: Arsenal
pecheneg
Quick Pick: Celebrities in WWE's Hall of Fame
aduchscher
A-Z Keypad Blitz II
pecheneg
Multiple Oscar Actors
pecheneg
Mystery Phrase Blitz: Oscar 'Best Actors'
pecheneg
F. Scott Fitzgerald Novels
LTH
Pick 3 Villains
ddd62291
Trending Topics
Anime
Harry Potter
Disney
Marvel
Crossword
NBA
Kpop
Soccer
NFL
Song
WWE
The Office
Country
Puzzle
Pokémon
Your Account Isn't Verified!
In order to create a playlist on Sporcle, you need to verify the email address you used during registration. Go to your
Sporcle Settings
to finish the process.
Report this User
Report this user for behavior that violates our
Community Guidelines
.
Details:
Send Report
Go to the Sporcle.com Mobile Site →
Comments